Ľudské veci poézie

Bibliographic Details
Main Author: Števček, Pavol, 1932-2003 (Author)
Format: Article
Language:Slovak
Subjects:

MARC

LEADER 00000nab a2200000 a 4500
001 vtls000401905
003 SK-MaSNL
005 20260304014808.0
008 241210c1990 xo 0 slo
015 |a SNBRB19rr/mm-uuuuu 
035 |a CL0402029 
035 |a urn:nbn:sk:snk-abblbs 
035 |a (urnnbn)urn:nbn:sk:snk:ar-0003fg 
035 |a (uuid)8a810a91-c156-4826-bc69-76fb66776276 
040 |a SNKBUCL  |b slo  |c SNKBUCL  |e AACR2 
041 0 |a slo 
044 |a xo  |c SK 
080 |a 82.09:885.4-1(048)  |2 1981 
080 |a 885.4-1(048)  |2 1981 
100 1 |a Števček, Pavol,  |d 1932-2003  |4 aut  |9 103687 
245 1 0 |a Ľudské veci poézie  |c Pavol Števček 
650 0 7 |a slovenská poézia  |2 snkbucl  |9 215422 
655 7 |a recenzie  |2 snkbucl  |9 21907 
655 7 |a články z novín a časopisov  |2 snkbucl  |9 267496 
655 7 |a články z odboru literárna veda a krásna literatúra  |2 snkbucl  |9 770045 
773 0 |t Romboid  |g Roč. 25, č. 11 (1990), s. 21-23 
787 0 8 |i Rec.:  |a Gerbóc, Jozef  |t Ľudské veci  |d Bratislava : Slovenský spisovateľ, 1990 
850 |a Slovenská národná knižnica 
852 |a Slovenská národná knižnica 
958 |a RK 
958 |a LX 
958 |a OND 
958 |a EUIPO 
958 |a article15 
992 |a RBX 
999 |c 2587737  |d 2589667